Instagram - Top 20 most followed accounts - Statistics

General Stats
  • This quiz has been taken 147 times
  • The average score is 12 of 20
Answer Stats
# Hint Followers Answer % Correct
02. Portuguese footballer 209 mil Christiano Ronaldo
95%
01. Social media platform 339 mil Instagram
92%
08. Argentinian footballer 145 mil Lionel Messi
91%
07. Reality TV star 163 mil Kim Kardashian
84%
04. Actor and wrestler 175 mil Dwayne Johnson
80%
06. Reality TV star 166 mil Kylie Jenner
77%
19. Sportswear 103 mil Nike
76%
03. Musician and actress 178 mil Ariana Grande
74%
10. Brazilian footballer 135 mil Neymar
73%
14. Reality TV star 124 mil Kendall Jenner
67%
12. Musician 130 mil Justin Bieber
65%
05. Musician and actress 171 mil Selena Gomez
65%
13. Musician 128 mil Taylor Swift
64%
17. Reality TV star 106 mil Khloe Kardashiah
59%
20. Musician 91 mil Katy Perry
47%
09. Musician 143 mil Beyonce
44%
16. Musician 111 mil Nicki Minaj
25%
18. Musician and actress 105 mil Miley Cyrus
23%
15. Musician and actress 116 mil Jennifer Lopez
22%
11. Magazine, TV channel 132 mil National Geographic
19%
No matching quizzes found
Score Distribution
Percent of People with Each Score
Percentile by Number Answered
Your Score History
You have not taken this quiz